[Event "7th Malaysia Open"]
[Site "Kuala Lumpur MAS"]
[Date "2010.09.02"]
[Round "3"]
[White "Bakliwal,G"]
[Black "Tan Jun Feng"]
[Result "1-0"]
[WhiteElo "2236"]
[BlackElo "1870"]
[EventDate "2010.09.01"]

1. Nf3 Nf6 2. b3 g6 3. Bb2 Bg7 4. g3 O-O 5. Bg2 d5 6. O-O c6 7. d3 Bf5 8.
Nbd2 Qc8 9. Re1 Nbd7 10. e4 dxe4 11. dxe4 Be6 12. Nd4 Nb6 13. Nxe6 Qxe6 14.
Qe2 Rfd8 15. Nf3 Rac8 16. e5 Nfd5 17. Nd4 Qd7 18. e6 fxe6 19. Bh3 Nc7 20.
Rad1 Qe8 21. c4 Bxd4 22. Rxd4 Rxd4 23. Bxd4 Qf7 24. Qe5 Qf6 25. Qe4 Qf7 26.
Be5 Nba8 27. Rd1 Ne8 28. Rd3 Nec7 29. Rf3 Qe8 30. Bc3 1-0

[Event "7th Malaysia Open"]
[Site "Kuala Lumpur MAS"]
[Date "2010.09.02"]
[Round "3"]
[White "F. Sayani,M"]
[Black "Fong Yit San"]
[Result "1-0"]
[WhiteElo "2201"]
[BlackElo "1947"]
[EventDate "2010.09.01"]

1. e4 e5 2. Nf3 Nc6 3. d4 exd4 4. Bc4 Nf6 5. O-O d6 6. Nxd4 Be7 7. Nc3 O-O
8. a4 Re8 9. Re1 Ng4 10. h3 Nge5 11. Ba2 Bf6 12. Be3 Nxd4 13. Bxd4 Bh4 14.
Qh5 g6 15. Qe2 c6 16. Rad1 Qc7 17. g3 Bf6 18. f4 Nd7 19. Bf2 Nf8 20. Kh2
Be6 21. Bxe6 Nxe6 22. Qc4 Rec8 23. f5 gxf5 24. exf5 d5 25. Qg4+ Ng7 26. Bd4
h5 27. Qf3 Bxd4 28. Rxd4 f6 29. Kg2 Re8 30. Rdd1 Re5 31. Rxe5 Qxe5 32. g4
Re8 33. Rd2 hxg4 34. hxg4 Qe3 35. Qxe3 Rxe3 36. Kf2 Re8 37. Kf3 Kf7 38. Rh2
Re7 39. Ne2 Ne8 40. Rh7+ Kf8 41. Rh6 Kg8 42. Nf4 Rh7 43. Rg6+ Rg7 44. Nh5
Rxg6 45. fxg6 Nd6 46. Kf4 Nc4 47. b3 Na3 48. Nxf6+ Kg7 49. Kg5 Nxc2 50.
Nh5+ Kg8 51. Kh6 1-0

[Event "7th Malaysia Open"]
[Site "Kuala Lumpur MAS"]
[Date "2010.09.02"]
[Round "3"]
[White "Nakamura,N"]
[Black "Tin Jingyao"]
[Result "1-0"]
[WhiteElo "2064"]
[BlackElo "1828"]
[EventDate "2010.09.01"]

1. d4 Nf6 2. c4 c5 3. d5 b5 4. Qc2 g6 5. e4 d6 6. cxb5 Bg7 7. Nc3 O-O 8.
Nf3 a6 9. a4 axb5 10. Bxb5 e6 11. O-O exd5 12. exd5 Bb7 13. Rd1 Na6 14. Bc4
Nc7 15. Bg5 Qd7 16. h3 Ba6 17. Nd2 Rfb8 18. Ra3 Rb7 19. Rb3 Rab8 20. Rxb7
Rxb7 21. Bf4 Rb4 22. b3 Nfxd5 23. Nxd5 Nxd5 24. Bxd6 Qxd6 25. Ne4 Qb6 26.
Bxd5 Rd4 27. Ng5 Qd6 28. Bxf7+ Kh8 29. Re1 Bd3 30. Qc3 Re4 31. Nxe4 Bxc3
32. Nxd6 Bxe1 33. Bc4 Bb1 34. Nb7 Bb4 35. a5 Be4 36. a6 Kg7 37. Nd6 Ba8 38.
Ne8+ Kf8 39. Nc7 Bc6 40. a7 Ba5 41. Bd5 Bb6 42. Bxc6 Bxa7 43. Nd5 Kf7 44.
Bd7 Bb8 45. f4 Bd6 46. Kf2 h6 47. h4 Bf8 48. g4 Bg7 49. g5 hxg5 50. hxg5
Bb2 51. Ke3 Bc1+ 52. Kd3 Bb2 53. Kc4 Bd4 54. b4 1-0

[Event "7th Malaysia Open"]
[Site "Kuala Lumpur MAS"]
[Date "2010.09.02"]
[Round "3"]
[White "Tan,Fischer"]
[Black "Fong Mi Yen"]
[Result "0-1"]
[WhiteElo "1530"]
[BlackElo "1905"]
[EventDate "2010.09.01"]

1. e4 e5 2. d4 exd4 3. Qxd4 Nc6 4. Qa4 Nf6 5. Bb5 a6 6. Bxc6 bxc6 7. Nc3
Bb7 8. Nh3 h6 9. Qa5 c5 10. f3 Be7 11. Bf4 Rc8 12. O-O-O O-O 13. g4 g5 14.
Bg3 c6 15. Qa4 d5 16. Nf2 Qb6 17. h4 c4 18. Nh3 Qe3+ 19. Kb1 Qxf3 20. Be5
Nxe4 21. Nxe4 Qxe4 22. Rde1 Qxg4 23. Reg1 Qf5 24. Bf4 f6 25. Ka1 Bc5 26.
Rg3 Bf2 27. Qa3 Bxg3 28. Qxg3 Rf7 29. Re1 Kh7 30. hxg5 fxg5 31. Bxg5 Rg8
32. Qh4 Rxg5 33. Nxg5+ Qxg5 34. Qd4 Qf5 35. Qg1 Qf2 36. Qh1 Bc8 37. a4 Qxc2
38. Re8 Qxa4+ 39. Kb1 Bf5+ 0-1

[Event "7th Malaysia Open"]
[Site "Kuala Lumpur MAS"]
[Date "2010.09.03"]
[Round "4"]
[White "Nguyen Van Huy"]
[Black "Cao,S"]
[Result "1/2-1/2"]
[WhiteElo "2429"]
[BlackElo "2535"]
[EventDate "2010.09.01"]

1. Nf3 Nf6 2. c4 b6 3. g3 Bb7 4. Bg2 e6 5. O-O Be7 6. Nc3 O-O 7. d4 Ne4 8.
Bd2 d6 9. d5 Nxd2 10. Qxd2 e5 11. e4 a5 12. Ne1 Nd7 13. Nd3 Nc5 14. b3 Bc8
15. Qc2 g6 16. a3 f5 17. Nxc5 bxc5 18. exf5 Bxf5 19. Ne4 Qd7 20. Rab1 Kg7
21. Qc3 Bxe4 22. Bxe4 Bf6 23. Kg2 Rfb8 24. Rb2 Rb6 25. Rfb1 Qc8 26. b4 axb4
27. axb4 cxb4 28. Rxb4 Rab8 29. Rxb6 Rxb6 30. Rxb6 cxb6 31. Qb4 Qc5 32.
Qxc5 1/2-1/2

[Event "7th Malaysia Open"]
[Site "Kuala Lumpur MAS"]
[Date "2010.09.03"]
[Round "4"]
[White "Nadanian,A"]
[Black "Wen Yang"]
[Result "0-1"]
[WhiteElo "2411"]
[BlackElo "2520"]
[EventDate "2010.09.01"]

1. d4 Nf6 2. c4 g6 3. Nc3 Bg7 4. Nf3 O-O 5. Bg5 h6 6. Bh4 d6 7. e3 Nbd7 8.
Qc2 c6 9. Be2 e5 10. O-O g5 11. Bg3 Nh5 12. Rad1 f5 13. dxe5 Nxg3 14. hxg3
dxe5 15. Rd6 e4 16. Nd4 Qe7 17. Nxf5 Rxf5 18. Rfd1 Rf8 19. Nxe4 Ne5 20. c5
Kh8 21. Qa4 Bf5 22. R6d2 b5 23. Qc2 Nc4 24. Bxc4 bxc4 0-1

[Event "7th Malaysia Open"]
[Site "Kuala Lumpur MAS"]
[Date "2010.09.03"]
[Round "4"]
[White "Dzhumaev,M"]
[Black "Zhou Weiqi"]
[Result "0-1"]
[WhiteElo "2487"]
[BlackElo "2569"]
[EventDate "2010.09.01"]

1. e4 c5 2. Nf3 d6 3. d4 cxd4 4. Nxd4 Nf6 5. Nc3 e6 6. Be3 Nc6 7. Qd2 Be7
8. Be2 e5 9. Nxc6 bxc6 10. f4 O-O 11. O-O exf4 12. Rxf4 Be6 13. Bd4 Nd7 14.
Rff1 Ne5 15. Rad1 Bg5 16. Be3 Bxe3+ 17. Qxe3 Qc7 18. b3 Rad8 19. Rd2 Rfe8
20. h3 f6 21. Kh1 Bf7 22. Qg3 Bg6 23. Rd4 Rd7 24. h4 h5 25. Nd1 Qb6 26. c3
Qa5 27. Ra4 Qc5 28. Rd4 Qa3 29. Ne3 Qxa2 30. Bd1 Kh7 31. Qh3 Qb2 32. Nf5 d5
33. Qg3 Red8 34. exd5 cxd5 35. Qe3 Re8 36. Qh3 Rc7 37. c4 dxc4 38. bxc4
Rxc4 39. Rd6 Rc3 40. Qh2 Qb4 41. Rd4 Rc4 0-1

[Event "7th Malaysia Open"]
[Site "Kuala Lumpur MAS"]
[Date "2010.09.03"]
[Round "4"]
[White "Satyapragyan,S"]
[Black "Khamrakulov,D"]
[Result "1-0"]
[WhiteElo "2451"]
[BlackElo "2485"]
[EventDate "2010.09.01"]

1. e4 c6 2. Nc3 d5 3. Nf3 Bg4 4. d4 dxe4 5. Nxe4 Bxf3 6. Qxf3 Qxd4 7. Be3
Qxb2 8. Bc4 Nf6 9. O-O Qxc2 10. Nxf6+ gxf6 11. Rfc1 Qg6 12. Rab1 Nd7 13.
Rxb7 Ne5 14. Qh3 Qg4 15. Qxg4 Nxg4 16. Bxa7 Ne5 17. Be2 Bh6 18. Rc2 f5 19.
a4 f4 20. f3 Bg7 21. Kf1 f5 22. a5 Nf7 23. Bc5 Bf6 24. a6 Nd8 25. Rc7 Ne6
26. Rxc6 Nd4 27. Rxf6 1-0

[Event "7th Malaysia Open"]
[Site "Kuala Lumpur MAS"]
[Date "2010.09.03"]
[Round "4"]
[White "Dao Thien Hai"]
[Black "Guo Qi"]
[Result "1/2-1/2"]
[WhiteElo "2520"]
[BlackElo "2167"]
[EventDate "2010.09.01"]

1. d4 e6 2. c4 Nf6 3. Nf3 d5 4. Nc3 Bb4 5. cxd5 exd5 6. Bg5 Nbd7 7. e3 c5
8. Bd3 Qa5 9. O-O c4 10. Bf5 Bxc3 11. bxc3 Ne4 12. Qc2 Ndf6 13. Bxc8 Rxc8
14. Bxf6 Nxf6 15. Nd2 O-O 16. f3 b5 17. Rfb1 Rb8 18. a3 Nd7 19. e4 Nb6 20.
Re1 Na4 21. Re3 Qb6 22. Rae1 Qd6 23. Qc1 a5 24. exd5 Nb6 25. Re5 Nxd5 26.
Ne4 Qc6 27. Ng3 Rbe8 28. Nf5 f6 29. Ne7+ Nxe7 30. Rxe7 Rxe7 1/2-1/2

[Event "7th Malaysia Open"]
[Site "Kuala Lumpur MAS"]
[Date "2010.09.03"]
[Round "4"]
[White "Lim,C"]
[Black "Schebler,G"]
[Result "1-0"]
[WhiteElo "2302"]
[BlackElo "2474"]
[EventDate "2010.09.01"]

1. d4 e6 2. c4 Bb4+ 3. Bd2 Bxd2+ 4. Qxd2 Nf6 5. g3 O-O 6. Bg2 d5 7. Nf3
Nbd7 8. O-O dxc4 9. a4 Rb8 10. Qc2 b6 11. Rd1 Bb7 12. Qxc4 Bxf3 13. exf3 c5
14. Nc3 cxd4 15. Qxd4 Nc5 16. Qe3 Qe7 17. Nb5 Rfd8 18. Nd4 Qe8 19. b4 Nd5
20. Qa3 Nb7 21. Rac1 Rbc8 22. f4 Rxc1 23. Rxc1 Rc8 24. b5 Na5 25. Rxc8 Qxc8
26. Bxd5 exd5 27. Qd6 h6 28. Qxd5 Qc4 29. Qxc4 Nxc4 30. Nc6 Nb2 31. a5 bxa5
32. Nxa5 Kf8 33. Nc6 Ke8 34. Nxa7 Na4 35. Nc6 Kd7 36. Ne5+ Ke6 37. Kg2 f6
38. Nc6 Kd5 39. Kf3 Nc5 40. g4 Nd7 41. Ne7+ 1-0

[Event "7th Malaysia Open"]
[Site "Kuala Lumpur MAS"]
[Date "2010.09.03"]
[Round "4"]
[White "Vijayalakshmi,S"]
[Black "Vakhidov,J"]
[Result "1/2-1/2"]
[WhiteElo "2466"]
[BlackElo "2272"]
[EventDate "2010.09.01"]

1. d4 Nf6 2. c4 g6 3. g3 Bg7 4. Bg2 O-O 5. Nc3 d6 6. Nf3 Nc6 7. O-O a6 8.
Re1 Re8 9. d5 Na5 10. Qd3 c5 11. Bd2 Rb8 12. e4 b5 13. cxb5 c4 14. Qc2 axb5
15. b4 cxb3 16. axb3 b4 17. Na4 Nxe4 18. Qxe4 Bxa1 19. Rxa1 Nxb3 20. Ra2
Bf5 21. Qe3 Nxd2 22. Rxd2 Ra8 23. Qh6 f6 24. Nb2 Ra1+ 25. Bf1 Qc8 26. Nd1
Rxd1 27. Rxd1 Bg4 28. Bd3 Bxf3 29. Bxg6 1/2-1/2

[Event "7th Malaysia Open"]
[Site "Kuala Lumpur MAS"]
[Date "2010.09.03"]
[Round "4"]
[White "Roy Chowdhury,S"]
[Black "Morris,J"]
[Result "1-0"]
[WhiteElo "2457"]
[BlackElo "2262"]
[EventDate "2010.09.01"]

1. e4 c5 2. Nf3 g6 3. c3 Nf6 4. d3 Bg7 5. Be2 O-O 6. Nbd2 Nc6 7. O-O d6 8.
Re1 Rb8 9. Bf1 b5 10. d4 Nd7 11. d5 Na5 12. Rb1 Nb6 13. h3 Bd7 14. Nb3 Nac4
15. Bf4 a5 16. Nbd2 Nxb2 17. Rxb2 Na4 18. Rc2 Nxc3 19. Qc1 b4 20. Nb1 Ba4
21. Rxc3 bxc3 22. Nxc3 Bxc3 23. Qxc3 f6 24. Bh6 Re8 25. e5 dxe5 26. Nxe5
Qd6 27. Nd3 Bb5 28. Bf4 1-0

[Event "7th Malaysia Open"]
[Site "Kuala Lumpur MAS"]
[Date "2010.09.03"]
[Round "4"]
[White "Zeng,C"]
[Black "Castellano,Christo"]
[Result "1/2-1/2"]
[WhiteElo "2410"]
[BlackElo "2231"]
[EventDate "2010.09.01"]

1. d4 d5 2. c4 e6 3. Nf3 Nf6 4. Nc3 Be7 5. Bg5 h6 6. Bxf6 Bxf6 7. Qb3 c6 8.
e3 O-O 9. Be2 Nd7 10. O-O b6 11. Rfd1 Bb7 12. a4 Qc7 13. a5 Rac8 14. Bf1
Rfd8 15. axb6 axb6 16. cxd5 exd5 17. g3 Ra8 18. Rac1 Qb8 19. Ne1 Re8 20.
Bh3 Bc8 21. Na4 b5 22. Bxd7 Bxd7 23. Nc5 Bf5 24. Ncd3 Bd7 25. Ra1 h5 26.
Rxa8 Qxa8 27. Qa3 Qxa3 28. bxa3 Ra8 29. Nc2 Bf5 30. Ncb4 Rxa3 31. Nc5 Rc3
32. Nxc6 Rc4 33. Na5 Rc3 34. Nc6 Rc4 35. Na5 Rc3 36. Nc6 Rc4 1/2-1/2

[Event "7th Malaysia Open"]
[Site "Kuala Lumpur MAS"]
[Date "2010.09.03"]
[Round "4"]
[White "Udani,I"]
[Black "Mok Tze Meng"]
[Result "1-0"]
[WhiteElo "2255"]
[BlackElo "2416"]
[EventDate "2010.09.01"]

1. d4 g6 2. Nf3 Bg7 3. g3 Nf6 4. Bg2 c5 5. c3 d5 6. dxc5 a5 7. O-O Na6 8.
c4 Nxc5 9. Nc3 Be6 10. Ng5 d4 11. Nxe6 Nxe6 12. Nb5 Qb6 13. e3 Rd8 14. exd4
Nxd4 15. Nxd4 Rxd4 16. Qa4+ Rd7 17. Be3 Qb4 18. Qxb4 axb4 19. Rad1 O-O 20.
Rxd7 Nxd7 21. Bxb7 Rb8 22. Bg2 Bxb2 23. c5 Ne5 24. Rb1 Bc3 25. Rd1 Nc4 26.
Bf4 Rc8 27. c6 Kf8 28. c7 Nd6 29. Rxd6 1-0

[Event "7th Malaysia Open"]
[Site "Kuala Lumpur MAS"]
[Date "2010.09.03"]
[Round "4"]
[White "Wang Jue"]
[Black "Murshed,N"]
[Result "1/2-1/2"]
[WhiteElo "2227"]
[BlackElo "2411"]
[EventDate "2010.09.01"]

1. e4 e6 2. d4 d5 3. Nc3 Nf6 4. Bg5 Bb4 5. e5 h6 6. Be3 Ne4 7. Qg4 g5 8. h4
h5 9. hxg5 hxg4 10. Rxh8+ Bf8 11. Nxe4 dxe4 12. Ne2 c5 13. O-O-O Qa5 14.
Nc3 cxd4 15. Nb5 Nd7 16. Bxd4 a6 17. Nd6+ Ke7 18. Rh7 Kd8 19. g6 fxg6 20.
Bc4 Kc7 21. Bxe6 Bxd6 22. exd6+ Kc6 23. Be3 Nf6 24. d7 Bxd7 25. Bxd7+ Nxd7
26. Rhxd7 Qe5 27. R7d4 b5 28. g3 g5 29. Rd7 b4 30. R7d4 a5 1/2-1/2

[Event "7th Malaysia Open"]
[Site "Kuala Lumpur MAS"]
[Date "2010.09.03"]
[Round "4"]
[White "Ding Yixin"]
[Black "Loo,S"]
[Result "1-0"]
[WhiteElo "2379"]
[BlackElo "2147"]
[EventDate "2010.09.01"]

1. e4 c6 2. c4 d5 3. exd5 cxd5 4. cxd5 Nf6 5. Qa4+ Nbd7 6. Nc3 g6 7. Bc4
Bg7 8. d3 O-O 9. Nf3 a6 10. Qa3 Nb6 11. Qb3 Bg4 12. Ng5 Qc7 13. d6 exd6 14.
Bxf7+ Rxf7 15. Nxf7 Re8+ 16. Be3 Be6 17. Qxb6 Qxb6 18. Bxb6 Bxa2+ 19. Kd2
Bxf7 20. Rhe1 Kf8 21. Bc7 Rxe1 22. Rxe1 Ne8 23. Bd8 b5 24. b4 Be5 25. Ra1
Bd5 26. Rxa6 Bxg2 27. h4 Bd4 28. f4 Bb7 29. Ra5 Kf7 30. Nxb5 Bg1 31. Ra1
Bh2 32. Ra7 1-0

[Event "7th Malaysia Open"]
[Site "Kuala Lumpur MAS"]
[Date "2010.09.03"]
[Round "4"]
[White "Jia,H"]
[Black "Masruri,R"]
[Result "1-0"]
[WhiteElo "2373"]
[BlackElo "2027"]
[EventDate "2010.09.01"]

1. d4 d5 2. c4 dxc4 3. Nf3 Nf6 4. e3 e6 5. Bxc4 a6 6. Qe2 c5 7. O-O Nc6 8.
Rd1 Qc7 9. a3 b5 10. Bd3 Bb7 11. Nbd2 c4 12. Bc2 Be7 13. Nf1 O-O 14. e4 e5
15. d5 Nb8 16. Bg5 Nbd7 17. Ng3 g6 18. Rd2 Bd6 19. Rf1 Rfc8 20. Bb1 a5 21.
Nh4 Bf8 22. f4 h6 23. Bxf6 Qb6+ 24. Kh1 Qxf6 25. Qg4 exf4 26. Nh5 Qd6 27.
Qxd7 Qe7 28. e5 b4 29. Nf6+ Kg7 30. Nf5+ 1-0

[Event "7th Malaysia Open"]
[Site "Kuala Lumpur MAS"]
[Date "2010.09.03"]
[Round "4"]
[White "Anasrullah"]
[Black "Kojima,S"]
[Result "0-1"]
[WhiteElo "2143"]
[BlackElo "2334"]
[EventDate "2010.09.01"]

1. e4 c6 2. d4 d5 3. exd5 cxd5 4. Bd3 Nc6 5. c3 Qc7 6. Ne2 Bg4 7. h3 Bxe2
8. Bxe2 Nf6 9. Nd2 e6 10. O-O Be7 11. Re1 O-O 12. Bd3 a6 13. Nf1 b5 14. Ng3
b4 15. Nh5 bxc3 16. bxc3 Na5 17. Bf4 Qd8 18. Re3 Nxh5 19. Qxh5 g6 20. Qf3
Bf6 21. Rb1 Qd7 22. Qe2 Qc6 23. h4 Bxh4 24. Rh3 Bf6 25. Kh2 Rfc8 26. Rh1
Qxc3 27. Bxg6 hxg6 28. Rxc3 Rxc3 29. g3 Nc4 30. Qd1 Ra3 31. Kg2 Rxa2 32.
Bh6 Rb8 33. Qg4 Rbb2 34. Rf1 Nd6 35. Be3 Nf5 36. Qf4 Nxe3+ 37. Qxe3 Rd2 38.
Qf4 Bxd4 39. Qb8+ Kg7 40. g4 Rxf2+ 41. Rxf2 Rxf2+ 42. Kg3 Rb2 43. Qa8 Ra2
44. g5 a5 45. Qa6 a4 46. Qd3 Be5+ 47. Kg4 Rg2+ 48. Kh4 Bb2 49. Qh3 Rc2 50.
Qf1 a3 51. Qb1 Rg2 52. Kh3 Rxg5 0-1

[Event "7th Malaysia Open"]
[Site "Kuala Lumpur MAS"]
[Date "2010.09.03"]
[Round "4"]
[White "Carlos,L"]
[Black "Hj,Azahari Md Aliuddin"]
[Result "1-0"]
[WhiteElo "2325"]
[BlackElo "2072"]
[EventDate "2010.09.01"]

1. e4 e5 2. Nf3 Nc6 3. Bb5 a6 4. Bxc6 dxc6 5. O-O Bg4 6. h3 Bxf3 7. Qxf3
Qd7 8. d3 f6 9. Nd2 h5 10. Nc4 O-O-O 11. Rd1 g5 12. Ne3 Kb8 13. c3 c5 14.
b3 Qf7 15. Bb2 Nh6 16. d4 cxd4 17. cxd4 exd4 18. Bxd4 Be7 19. Nd5 Rhf8 20.
Rac1 Rd7 21. Nxe7 Rxe7 22. Bc5 Rfe8 23. Bxe7 Rxe7 24. Rd8+ Ka7 25. Qe3+ b6
26. e5 1-0

[Event "7th Malaysia Open"]
[Site "Kuala Lumpur MAS"]
[Date "2010.09.03"]
[Round "4"]
[White "Li Hanbin"]
[Black "Tan,Ju2"]
[Result "1-0"]
[WhiteElo "2348"]
[BlackElo "2052"]
[EventDate "2010.09.01"]

1. e4 e5 2. Nf3 Nc6 3. Bc4 Bc5 4. d3 Nf6 5. Bg5 d6 6. Nc3 h6 7. Bh4 a6 8.
a3 Bg4 9. h3 Bxf3 10. Qxf3 Nd4 11. Qd1 g5 12. Bg3 c6 13. Ne2 d5 14. exd5
cxd5 15. Ba2 Nc6 16. Nc3 O-O 17. O-O Kg7 18. Bxe5 Nxe5 19. d4 Nf3+ 20. Qxf3
Bxd4 21. Nxd5 Nxd5 22. Bxd5 Bxb2 23. Rab1 Qf6 24. Bxb7 Rab8 25. Qxf6+ Bxf6
26. Bxa6 Be7 27. a4 Bc5 28. Bb5 Rb7 29. Rfd1 Rc7 30. a5 Rfc8 31. c4 Re7 32.
Kf1 Rcc7 33. Re1 Kf6 34. Rxe7 Bxe7 35. Ke2 Bc5 36. Kd3 Ba7 37. Re1 Bc5 38.
f3 Bb4 39. Ra1 Bc5 40. a6 Ba7 41. Re1 Re7 42. Rb1 Rc7 43. Kc3 Bc5 44. Rd1
Ke6 45. Rd5 Be7 46. Kb3 Bd6 47. g4 f6 48. Kc3 Rc8 49. Kd4 Be5+ 50. Ke4 Rc7
51. Rd7 Rc8 52. a7 Bd6 53. Bc6 Bc5 54. Rc7 Rxc7 55. a8=Q Kd6 56. Bd5 Re7+
57. Kf5 Bd4 58. Qc6+ 1-0

[Event "7th Malaysia Open"]
[Site "Kuala Lumpur MAS"]
[Date "2010.09.03"]
[Round "4"]
[White "Lu Yijie"]
[Black "Milligan,H"]
[Result "1-0"]
[WhiteElo "2308"]
[BlackElo "2033"]
[EventDate "2010.09.01"]

1. e4 e5 2. Nf3 Nc6 3. Nc3 Nf6 4. d4 exd4 5. Nxd4 Bb4 6. Nxc6 bxc6 7. Bd3
h6 8. O-O d6 9. Na4 O-O 10. a3 Ba5 11. b4 Bb6 12. Bb2 a5 13. Qf3 Be6 14. h3
Qe7 15. Rfe1 Nd7 16. Nxb6 cxb6 17. Qe3 Rfb8 18. f4 Nf6 19. e5 dxe5 20. Qxe5
Qf8 21. Re3 Re8 22. Rg3 Kh8 23. Qxf6 1-0

[Event "7th Malaysia Open"]
[Site "Kuala Lumpur MAS"]
[Date "2010.09.03"]
[Round "4"]
[White "Xu Huahua"]
[Black "Liew Chee Meng Jimmy"]
[Result "1-0"]
[WhiteElo "2079"]
[BlackElo "2299"]
[EventDate "2010.09.01"]

1. e4 e6 2. d4 d5 3. Nc3 Bb4 4. e5 c5 5. dxc5 Qc7 6. Nf3 Ne7 7. Bd3 Nd7 8.
O-O Bxc3 9. bxc3 Nxe5 10. Bf4 Nxf3+ 11. Qxf3 e5 12. Bb5+ Kf8 13. Bg3 Qxc5
14. c4 a6 15. Ba4 dxc4 16. Rad1 Ng6 17. h4 h5 18. Rd8+ Ke7 19. Rxh8 Nxh8
20. Qxh5 Be6 21. Bxe5 Ng6 22. Qg5+ f6 23. Bxf6+ Kd6 24. Rd1+ Bd5 25. Bxg7
b5 26. Qxg6+ Kc7 27. Be5+ Kd7 28. Qf7+ 1-0

[Event "7th Malaysia Open"]
[Site "Kuala Lumpur MAS"]
[Date "2010.09.03"]
[Round "4"]
[White "Lee Kim Han,E"]
[Black "Bennett,H"]
[Result "1-0"]
[WhiteElo "2156"]
[BlackElo "1975"]
[EventDate "2010.09.01"]

1. e4 g6 2. d4 Bg7 3. Nf3 d6 4. Be2 Nf6 5. Nc3 a6 6. a4 b6 7. O-O O-O 8.
Re1 Bb7 9. e5 dxe5 10. Nxe5 Nbd7 11. Nc4 e6 12. Bg5 h6 13. Bh4 Qc8 14. Bf3
Nd5 15. Nxd5 Bxd5 16. Bxd5 exd5 17. Ne3 c6 18. c4 Qb7 19. cxd5 cxd5 20. Qf3
Bxd4 21. Nxd5 Kg7 22. Rad1 Rfe8 23. Rxe8 Rxe8 24. Nf6 1-0

[Event "7th Malaysia Open"]
[Site "Kuala Lumpur MAS"]
[Date "2010.09.03"]
[Round "4"]
[White "Guo,E"]
[Black "Hukom,D"]
[Result "0-1"]
[WhiteElo "1964"]
[BlackElo "2130"]
[EventDate "2010.09.01"]

1. d4 Nf6 2. Nf3 g6 3. e3 Bg7 4. c4 O-O 5. Nc3 d5 6. Be2 c6 7. Ne5 Nbd7 8.
f4 e6 9. O-O Ne8 10. b3 Nxe5 11. fxe5 f6 12. Ba3 Rf7 13. exf6 Bxf6 14. Qd2
Nc7 15. Rf2 e5 16. dxe5 Bxe5 17. Rxf7 Kxf7 18. Rf1+ Kg7 19. Bf3 Be6 20.
cxd5 cxd5 21. Rd1 Qh4 22. g3 Qf6 23. Nxd5 Nxd5 24. Bxd5 Rd8 25. Qg2 Qg5 26.
Bc1 Bxg3 27. Qxg3 Qxg3+ 28. hxg3 Rxd5 29. Rxd5 Bxd5 30. Bb2+ Kf7 31. Kf2
Ke6 32. Ke2 Kf5 33. Kd3 g5 34. Bd4 a6 35. Bb6 Kg4 36. Bc7 Kf3 37. Kd4 Bc6
38. b4 h5 39. Bd8 Kxg3 40. Bxg5 h4 41. Bf4+ Kg2 42. e4 Kf3 43. Bc7 Bxe4 44.
a4 Bc6 45. a5 h3 46. Kc5 Kg2 47. Kc4 h2 48. Bxh2 Kxh2 49. Kc5 Kg3 50. Kc4
Kf4 51. Kc5 Ke4 52. Kc4 Ke3 0-1

[Event "7th Malaysia Open"]
[Site "Kuala Lumpur MAS"]
[Date "2010.09.03"]
[Round "4"]
[White "Yeap,E"]
[Black "Hetul,S"]
[Result "1-0"]
[WhiteElo "2121"]
[BlackElo "1956"]
[EventDate "2010.09.01"]

1. e4 c5 2. b3 Nc6 3. Bb2 e5 4. f4 d6 5. Nf3 exf4 6. Bb5 Bd7 7. O-O Qb6 8.
Nc3 Nf6 9. Qe2 O-O-O 10. a4 Nd4 11. Qd3 Ne6 12. a5 Qc7 13. Bxd7+ Qxd7 14.
Nb5 a6 15. Bxf6 gxf6 16. Nc3 Nc7 17. Na4 Kb8 18. Nh4 Qg4 19. Nf5 Rg8 20.
Rf2 Ne6 21. Raf1 h5 22. Nb6 Qg5 23. Nd5 Rg6 24. b4 cxb4 25. Nxb4 d5 26.
Nxa6+ Ka8 27. Rb1 Nc5 28. Qb5 Rd7 29. Nxc5 Bxc5 30. Qxc5 Rg8 31. a6 f3 32.
axb7+ Kb8 33. Ra1 Rxb7 34. Qd6+ Rc7 35. Rb1+ Kc8 36. Ne7+ 1-0

[Event "7th Malaysia Open"]
[Site "Kuala Lumpur MAS"]
[Date "2010.09.03"]
[Round "4"]
[White "Fong Mi Yen"]
[Black "Abdullah,AlS"]
[Result "0-1"]
[WhiteElo "1905"]
[BlackElo "2125"]
[EventDate "2010.09.01"]

1. e4 d5 2. exd5 Qxd5 3. Nc3 Qa5 4. d4 Nf6 5. h3 c6 6. Bd2 Bf5 7. Nf3 e6 8.
Nh4 Bg6 9. Nxg6 hxg6 10. Ne4 Qc7 11. Bd3 Nbd7 12. Qe2 O-O-O 13. O-O-O Nxe4
14. Bxe4 Nf6 15. Bg5 Qa5 16. Bxf6 gxf6 17. Qc4 Rh4 18. Rhe1 f5 19. Bf3
Rhxd4 20. Qb3 Rxd1+ 21. Rxd1 Bh6+ 22. Kb1 Rxd1+ 23. Bxd1 Qd2 24. a3 Qxd1+
25. Ka2 b5 26. Qc3 Qd5+ 27. b3 e5 28. g3 Bd2 29. Qd3 Qxd3 30. cxd3 Be1 0-1

[Event "7th Malaysia Open"]
[Site "Kuala Lumpur MAS"]
[Date "2010.09.03"]
[Round "4"]
[White "Yeoh,L"]
[Black "Marmono,R"]
[Result "1-0"]
[WhiteElo "2112"]
[BlackElo "1933"]
[EventDate "2010.09.01"]

1. e4 e6 2. d4 d5 3. Nd2 Nf6 4. e5 Nfd7 5. Bd3 b6 6. Ne2 c5 7. c3 c4 8. Bc2
b5 9. O-O Bb7 10. f4 g6 11. g4 h5 12. f5 hxg4 13. fxe6 Nxe5 14. dxe5 Qh4
15. exf7+ Kd7 16. Rf2 g3 17. Nxg3 Bc5 18. Nf3 Bxf2+ 19. Kxf2 Qg4 20. Qd4
Qe6 21. Ng5 Rxh2+ 22. Kg1 1-0

[Event "7th Malaysia Open"]
[Site "Kuala Lumpur MAS"]
[Date "2010.09.03"]
[Round "4"]
[White "Limono,Handjojo"]
[Black "Rian,K"]
[Result "0-1"]
[WhiteElo "1898"]
[BlackElo "2096"]
[EventDate "2010.09.01"]

1. Nf3 c5 2. g3 e6 3. Bg2 Nc6 4. c4 f5 5. O-O Nf6 6. d4 cxd4 7. Nxd4 Be7 8.
Nc3 O-O 9. e4 fxe4 10. Nxe4 Nxe4 11. Bxe4 Qb6 12. Nxc6 bxc6 13. Qc2 h6 14.
Be3 Bc5 15. Bxc5 Qxc5 16. Rac1 Rf6 17. Qd2 Rb8 18. b3 a5 19. Rc2 d6 20. Rd1
e5 21. Qe2 Rb7 22. Rcd2 Kf8 23. Qf1 0-1

[Event "7th Malaysia Open"]
[Site "Kuala Lumpur MAS"]
[Date "2010.09.03"]
[Round "4"]
[White "Chong Chor Yuen"]
[Black "Bakri,Al"]
[Result "1-0"]
[WhiteElo "2063"]
[BlackElo "1904"]
[EventDate "2010.09.01"]

1. e4 e6 2. d4 d5 3. Nc3 Nf6 4. Bg5 Be7 5. e5 Nfd7 6. Bxe7 Qxe7 7. f4 O-O
8. Nf3 a6 9. Bd3 g6 10. h4 c5 11. h5 c4 12. Bf1 Kg7 13. Ng5 h6 14. Nf3 Nc6
15. Qd2 b5 16. hxg6 fxg6 17. f5 Rxf5 18. Qxh6+ Kf7 19. Qh7+ Ke8 20. Qxg6+
Qf7 21. Qg3 Nf8 22. Ne2 Nb4 23. Kd2 Ra7 24. Nh4 Rh5 25. Nf4 Rh7 26. Be2 Kd8
27. Raf1 Qe7 28. Nfg6 Nxg6 29. Nxg6 Qg7 30. Qg5+ Kc7 31. Rxh7 Qxh7 32. c3
Nc6 33. Nf8 Qe4 34. Qg4 Nd8 35. Qxe4 dxe4 36. Ke3 Kb8 37. Bh5 Rg7 38. g4
Bb7 39. Rf6 Bd5 40. Kf4 a5 41. a3 b4 42. axb4 axb4 43. Bg6 bxc3 44. bxc3
Kc7 45. Bxe4 Bxe4 46. Kxe4 Rxg4+ 47. Kf3 Rg1 48. Nxe6+ Nxe6 49. Rxe6 Rc1
50. Ke4 Rxc3 51. Kd5 Kd7 52. Rc6 Rd3 53. e6+ 1-0

[Event "7th Malaysia Open"]
[Site "Kuala Lumpur MAS"]
[Date "2010.09.03"]
[Round "4"]
[White "Lee Kah Meng Elgin"]
[Black "Nakamura,N"]
[Result "1/2-1/2"]
[WhiteElo "1918"]
[BlackElo "2064"]
[EventDate "2010.09.01"]

1. d4 Nf6 2. c4 e6 3. Nc3 Bb4 4. e3 O-O 5. Bd3 c5 6. Nge2 d5 7. O-O Nc6 8.
a3 cxd4 9. exd4 Be7 10. Bf4 b6 11. Rc1 Bb7 12. cxd5 Nxd5 13. Nxd5 exd5 14.
Rc3 g6 15. Bh6 Re8 16. Bb5 Rc8 17. Qa4 Bg5 18. Bxg5 Qxg5 19. Bxc6 Bxc6 20.
Rxc6 Rxc6 21. Qxc6 Rxe2 22. b4 Kg7 23. Qd7 a5 24. Qb5 Rb2 25. Qxb6 axb4 26.
axb4 Qd2 27. Qc5 Rxb4 28. Qxd5 Qxd4 29. Qxd4+ Rxd4 30. g3 g5 31. h3 h5 32.
Kg2 1/2-1/2

[Event "7th Malaysia Open"]
[Site "Kuala Lumpur MAS"]
[Date "2010.09.03"]
[Round "4"]
[White "Dotsenko,Vi"]
[Black "Ho En Huei,D"]
[Result "1-0"]
[WhiteElo "2054"]
[BlackElo "1914"]
[EventDate "2010.09.01"]

1. Nf3 d5 2. d4 c5 3. g3 cxd4 4. Nxd4 e5 5. Nb3 Be6 6. Bg2 Nc6 7. O-O Be7
8. N1d2 a5 9. a4 Qb6 10. Nf3 h6 11. e3 Nf6 12. Qe2 O-O 13. Qb5 Nd7 14. Rd1
Rfc8 15. c3 Qc7 16. Nbd2 Nc5 17. Qe2 Bf5 18. Ne1 Rd8 19. c4 Nb4 20. cxd5
Nxd5 21. e4 Bd7 22. exd5 Bxa4 23. b3 Bxb3 24. Nxb3 Nxb3 25. Rb1 Nxc1 26.
Rdxc1 Qb8 27. Qb5 a4 28. Nd3 a3 29. Nc5 a2 30. Ra1 Qa7 31. Nb3 Rd6 32. Rc2
Rb6 33. Qc4 Rb4 34. Qc3 Qb6 35. Nc1 Rb1 36. Rcxa2 Rxa2 37. Rxa2 Bg5 38.
Ra8+ Bd8 39. Be4 Rb2 40. Rxd8+ 1-0